Experiential Marketing: (Record no. 326655)
[ view plain ]
| 000 -LEADER | |
|---|---|
| fixed length control field | 00462nam a2200169Ia 4500 |
| 008 - FIXED-LENGTH DATA ELEMENTS--GENERAL INFORMATION | |
| fixed length control field | 230718s9999 xx 000 0 und d |
| 020 ## - INTERNATIONAL STANDARD BOOK NUMBER | |
| International Standard Book Number | 9788130914756 |
| 041 ## - LANGUAGE CODE | |
| Language code of text/sound track or separate title | eng |
| 082 ## - DEWEY DECIMAL CLASSIFICATION NUMBER | |
| Classification number | 658.827 |
| Item number | KAU |
| 100 ## - MAIN ENTRY--PERSONAL NAME | |
| Personal name | Kaul S. |
| 9 (RLIN) | 175221 |
| 245 ## - TITLE STATEMENT | |
| Title | Experiential Marketing: |
| Remainder of title | Myths And Realities |
| 260 ## - PUBLICATION, DISTRIBUTION, ETC. (IMPRINT) | |
| Date of publication, distribution, etc. | 2010 |
| Name of publisher, distributor, etc. | Viva Books |
| 300 ## - PHYSICAL DESCRIPTION | |
| Extent | 108 |
| 365 ## - TRADE PRICE | |
| Currency code | Rs. |
| Price amount | 175.00 |
| 700 ## - ADDED ENTRY--PERSONAL NAME | |
| Personal name | Kaul S. |
| 9 (RLIN) | 175221 |
| 906 ## - LOCAL DATA ELEMENT F, LDF (RLIN) | |
| d | O:0140018-Dec-2010B:4588725-Nov-2010 |
| c | GENRL |
| b | 43.75 |
| Withdrawn status | Lost status | Damaged status | Not for loan | Home library | Current library | Date acquired | Vendor | Budget Code | Cost, normal purchase price | Bill number | Total Checkouts | Full call number | Barcode | Date last seen | Discount | Cost, replacement price | Bill Date | Koha item type | Original Barcode |
|---|---|---|---|---|---|---|---|---|---|---|---|---|---|---|---|---|---|---|---|
| Cummins College of Engineering for Women Pune | Cummins College of Engineering for Women Pune | 18/12/2010 | Vaibhav Book House | GENRL | 131.25 | 45887 | 658.827 | CCEP-BK-37862 | 18/07/2023 | 43.75 | 175.00 | 25/11/2010 | Books | 037862 |